00759nam a22002297a 450000500170000001000130001702000100003003500130004003700160005304000120006908200110008110000310009224500430012326000320016627000110019830000200020965000800022965000630030994200200037299900190039295201180041120170124110126.0 aA-023327 c00.00 aA-023327 bCen Lib/Ret aDPLbEN aNbMON aMonsarrat, Nicholas931582 aThe cruel sea /cby Nicholas Monsarrat bPrint SocietyaLondonc1951 bLondon a510p.c18cm(Hb) aWorld War, 1939-1945 -- Campaigns -- North Atlantic Ocean -- Fiction931583 aWorld War, 1939-1945 -- Naval operations -- Fiction931584 2ddccENhNmMON c131359d131359 00104070aLbLd2015-07-14eCen Lib/Retg0.00l0oN MONpA-023327r2015-07-14 00:00:00t1v0.00w2015-07-14yEN